[Event "19. Open de Sants Hostafrancs 2017"]
[Site "Barcelona ESP"]
[Date "2017.08.25"]
[Round "8.12"]
[White "Goh, Wei Ming Kevin"]
[Black "Dobrov, Vladimir"]
[Result "1/2-1/2"]
[WhiteElo "2446"]
[BlackElo "2510"]
[PlyCount "68"]
[EventDate "2017.08.18"]
[EventType "swiss"]
[EventRounds "10"]
[EventCountry "ESP"]
[SourceTitle "Ajedrez en Madrid"]
[Source "lmi"]
[SourceDate "2017.08.18"]

1. e4 c5 2. Nf3 Nc6 3. Bb5 e6 4. O-O Nge7 5. Re1 a6 6. Bf1 d5 7. exd5 Qxd5 8.
g3 Nf5 9. Bg2 Qd8 10. Na3 Be7 11. Nc4 O-O 12. d3 a5 13. a4 Nb4 14. Bd2 Nd5 15.
c3 Ra6 16. Qc2 f6 17. Rad1 Qe8 18. Bc1 Bd7 19. b3 Qg6 20. Ba3 Rc8 21. Qb2 b5
22. axb5 Bxb5 23. Nce5 fxe5 24. Nxe5 Qf6 25. c4 Be8 26. cxd5 Nd4 27. dxe6 Bh5
28. g4 Bd6 29. Nd7 Nf3+ 30. Bxf3 Qxf3 31. gxh5 Qg4+ 32. Kh1 Qf3+ 33. Kg1 Qg4+
34. Kh1 Qf3+ 1/2-1/2

[Event "19. Open de Sants Hostafrancs 2017"]
[Site "Barcelona ESP"]
[Date "2017.08.25"]
[Round "8.13"]
[White "Erdogdu, Mert"]
[Black "Delchev, Aleksander"]
[Result "1-0"]
[WhiteElo "2415"]
[BlackElo "2577"]
[PlyCount "41"]
[EventDate "2017.08.18"]
[EventType "swiss"]
[EventRounds "10"]
[EventCountry "ESP"]
[SourceTitle "Ajedrez en Madrid"]
[Source "lmi"]
[SourceDate "2017.08.18"]

1. e4 e6 2. d4 d5 3. Nc3 Nf6 4. Bg5 dxe4 5. Nxe4 Nbd7 6. Nf3 h6 7. Nxf6+ Nxf6
8. Be3 Bd6 9. Bd3 b6 10. Qe2 Bb7 11. Ne5 O-O 12. f4 Nd5 13. Bd2 Nb4 14. Bxb4
Bxb4+ 15. c3 Be7 16. O-O-O Qd5 17. Rhg1 Qxa2 18. g4 g6 19. g5 h5 20. Qc2 c5 21.
Bc4 1-0

[Event "19. Open de Sants Hostafrancs 2017"]
[Site "Barcelona ESP"]
[Date "2017.08.25"]
[Round "8.14"]
[White "Moussard, Jules"]
[Black "Mihajlov, Sebastian"]
[Result "1/2-1/2"]
[WhiteElo "2571"]
[BlackElo "2399"]
[PlyCount "111"]
[EventDate "2017.08.18"]
[EventType "swiss"]
[EventRounds "10"]
[EventCountry "ESP"]
[SourceTitle "Ajedrez en Madrid"]
[Source "lmi"]
[SourceDate "2017.08.18"]

1. Nf3 Nf6 2. d4 d5 3. Nbd2 Bf5 4. e3 e6 5. Be2 h6 6. O-O Bd6 7. c4 c6 8. b3
Nbd7 9. a4 O-O 10. a5 a6 11. Ba3 Qe7 12. Qc1 Rfe8 13. Bxd6 Qxd6 14. Qa3 Qxa3
15. Rxa3 Ne4 16. Rc1 Rac8 17. h3 g5 18. Ra4 Kg7 19. Rb4 Rc7 20. Nxe4 Bxe4 21.
Nd2 Bg6 22. Bf3 Nf6 23. Rb6 Nd7 24. cxd5 exd5 25. Bxd5 Nxb6 26. axb6 Rd7 27.
Bf3 f6 28. b4 Bf7 29. Ne4 f5 30. Nc5 Rde7 31. g3 Rd8 32. Rd1 Bd5 33. Kg2 g4 34.
Bxd5 cxd5 35. b5 axb5 36. Rb1 Ra8 37. Nd3 Ra2 38. Nb4 gxh3+ 39. Kxh3 Rxf2 40.
Nxd5 Re8 41. Rxb5 Ra8 42. Nf4 Kf6 43. g4 fxg4+ 44. Kg3 Rf1 45. Rh5 Rg1+ 46. Kf2
Raa1 47. Rxh6+ Kf5 48. Rh5+ Kf6 49. Nd5+ Kg6 50. Nf4+ Kf6 51. Rh6+ Kg7 52. Rg6+
Kf7 53. Rg5 Kf6 54. Rg8 Kf7 55. Rb8 g3+ 56. Kf3 1/2-1/2

[Event "19. Open de Sants Hostafrancs 2017"]
[Site "Barcelona ESP"]
[Date "2017.08.25"]
[Round "8.15"]
[White "Blomqvist, Erik"]
[Black "Dhulipalla, Bala Chandra Prasad"]
[Result "1/2-1/2"]
[WhiteElo "2525"]
[BlackElo "2392"]
[PlyCount "82"]
[EventDate "2017.08.18"]
[EventType "swiss"]
[EventRounds "10"]
[EventCountry "ESP"]
[SourceTitle "Ajedrez en Madrid"]
[Source "lmi"]
[SourceDate "2017.08.18"]

1. c4 Nf6 2. Nc3 e5 3. e3 Bb4 4. Nge2 O-O 5. a3 Bxc3 6. Nxc3 d5 7. cxd5 Nxd5 8.
Qc2 c5 9. Bd3 h6 10. b4 cxb4 11. Nxd5 Qxd5 12. Bh7+ Kh8 13. Be4 Qb5 14. axb4
Nc6 15. Qc5 Qxc5 16. bxc5 Be6 17. Bb2 f6 18. Bc3 Rfd8 19. f3 Rd7 20. Kf2 Ne7
21. g4 Nd5 22. Ba5 Rc8 23. Rhc1 Kg8 24. d3 b6 25. cxb6 Rxc1 26. Rxc1 axb6 27.
Be1 Ra7 28. Rc2 Kf7 29. Rb2 Ke8 30. h4 Rb7 31. h5 b5 32. Ke2 Kd7 33. Bb4 Rc7
34. Kd2 Nxb4 35. Rxb4 Rc5 36. Rb2 Kd6 37. d4 exd4 38. exd4 Rc4 39. Rxb5 Rxd4+
40. Ke3 Rc4 41. Rb6+ Kd7 1/2-1/2

[Event "19. Open de Sants Hostafrancs 2017"]
[Site "Barcelona ESP"]
[Date "2017.08.25"]
[Round "8.16"]
[White "Hertneck, Gerald"]
[Black "Pfreundt, Jakob"]
[Result "1/2-1/2"]
[WhiteElo "2498"]
[BlackElo "2388"]
[PlyCount "85"]
[EventDate "2017.08.18"]
[EventType "swiss"]
[EventRounds "10"]
[EventCountry "ESP"]
[SourceTitle "Ajedrez en Madrid"]
[Source "lmi"]
[SourceDate "2017.08.18"]

1. d4 d5 2. Nf3 Nf6 3. c4 e6 4. Nc3 Be7 5. Bg5 h6 6. Bh4 O-O 7. e3 Nbd7 8. Rc1
c5 9. cxd5 Nxd5 10. Bxe7 Nxe7 11. Bb5 cxd4 12. Qxd4 Nf6 13. O-O Qxd4 14. Nxd4
a6 15. Be2 Bd7 16. Bf3 Rab8 17. Ne4 Nxe4 18. Bxe4 Rfc8 19. Rxc8+ Nxc8 20. Nb3
Nd6 21. Bf3 Kf8 22. Nc5 Ke7 23. Nxd7 Kxd7 24. Rd1 a5 25. h4 b6 26. b4 axb4 27.
Rb1 Rc8 28. Rxb4 Rc1+ 29. Kh2 b5 30. Rb2 g5 31. hxg5 hxg5 32. a4 bxa4 33. Ra2
Rc4 34. Bd1 Rh4+ 35. Kg1 f5 36. Bxa4+ Ke7 37. Bc6 Rc4 38. Ra7+ Kf6 39. Ra6 g4
40. Kh2 Ke5 41. Ra5+ Kf6 42. Ra6 Ke5 43. Ra5+ 1/2-1/2

[Event "19. Open de Sants Hostafrancs 2017"]
[Site "Barcelona ESP"]
[Date "2017.08.25"]
[Round "8.17"]
[White "Garriga Cazorla, Pere"]
[Black "Valsecchi, Alessio"]
[Result "0-1"]
[WhiteElo "2405"]
[BlackElo "2493"]
[PlyCount "98"]
[EventDate "2017.08.18"]
[EventType "swiss"]
[EventRounds "10"]
[EventCountry "ESP"]
[SourceTitle "Ajedrez en Madrid"]
[Source "lmi"]
[SourceDate "2017.08.18"]

1. d4 Nf6 2. c4 e6 3. Nc3 d5 4. Nf3 c6 5. e3 Nbd7 6. Qc2 Bd6 7. Bd3 O-O 8. O-O
dxc4 9. Bxc4 b5 10. Be2 Bb7 11. e4 e5 12. dxe5 Nxe5 13. Nd4 Ng6 14. Nf5 Bc7 15.
Bg5 Re8 16. Rad1 Qb8 17. Bxf6 gxf6 18. g3 Bc8 19. Bg4 Be6 20. Qc1 Kh8 21. Nh6
Re7 22. Bf5 Ne5 23. f4 Nc4 24. Kh1 Bb6 25. Bxe6 fxe6 26. Ng4 Rg7 27. Nxf6 Ne3
28. Nh5 Rf7 29. Ne2 Qe8 30. Qc3+ e5 31. Rfe1 Rf8 32. Qxe5+ Qxe5 33. fxe5 Nxd1
34. Rxd1 Rae8 35. Nf6 Rxe5 36. Nd7 Rd8 37. Nxe5 Rxd1+ 38. Kg2 Rd2 39. Kf3 Rxb2
40. Nxc6 Rxa2 41. e5 Bc5 42. e6 Kg7 43. Nf4 Kf6 44. Ke4 Rd2 45. g4 b4 46. h4 b3
47. g5+ Kg7 48. Nh5+ Kf8 49. Nf6 b2 0-1

[Event "19. Open de Sants Hostafrancs 2017"]
[Site "Barcelona ESP"]
[Date "2017.08.25"]
[Round "8.18"]
[White "Salomon, Johan"]
[Black "Chueca Forcen, Alberto"]
[Result "1-0"]
[WhiteElo "2488"]
[BlackElo "2361"]
[PlyCount "75"]
[EventDate "2017.08.18"]
[EventType "swiss"]
[EventRounds "10"]
[EventCountry "ESP"]
[SourceTitle "Ajedrez en Madrid"]
[Source "lmi"]
[SourceDate "2017.08.18"]

1. Nf3 d5 2. c4 c6 3. d4 Nf6 4. g3 dxc4 5. Bg2 g6 6. O-O Bg7 7. a4 O-O 8. Na3
Nbd7 9. Nxc4 Nb6 10. Ncd2 a5 11. b3 h6 12. Bb2 Qc7 13. e4 Rd8 14. Rc1 Qb8 15.
Qe2 Be6 16. h3 Qa7 17. Kh2 Nfd7 18. Ba1 Nf8 19. Rfe1 Re8 20. Qd3 Rad8 21. Qc2
Bc8 22. Rcd1 Ne6 23. Nf1 Rd6 24. Rd2 Red8 25. Red1 Na8 26. Qc4 Nac7 27. Ne3 b5
28. axb5 cxb5 29. Qc1 Ba6 30. d5 Bxa1 31. Qxa1 Nc5 32. Rc2 Nxe4 33. Ne5 Nxf2
34. Rxf2 Qxe3 35. Rf3 Qe2 36. Re1 Qd2 37. Nxf7 e5 38. Qxe5 1-0

[Event "19. Open de Sants Hostafrancs 2017"]
[Site "Barcelona ESP"]
[Date "2017.08.25"]
[Round "8.19"]
[White "Souleidis, Georgios"]
[Black "Firat, Burak"]
[Result "1/2-1/2"]
[WhiteElo "2397"]
[BlackElo "2482"]
[PlyCount "121"]
[EventDate "2017.08.18"]
[EventType "swiss"]
[EventRounds "10"]
[EventCountry "ESP"]
[SourceTitle "Ajedrez en Madrid"]
[Source "lmi"]
[SourceDate "2017.08.18"]

1. e4 e5 2. Nf3 Nc6 3. Bc4 Nf6 4. d3 Bc5 5. O-O d6 6. a4 a6 7. c3 Ba7 8. Na3 h6
9. Nc2 O-O 10. Be3 Re8 11. Bxa7 Nxa7 12. Re1 a5 13. Ne3 Nc6 14. Qb3 Rf8 15. h3
Nd7 16. d4 Nb6 17. dxe5 Nxe5 18. Nxe5 dxe5 19. Bf1 Be6 20. Qb5 f6 21. Red1 Qe8
22. Be2 Kh8 23. Nd5 Qxb5 24. axb5 Bxd5 25. exd5 Rfd8 26. Bf3 Nc4 27. b3 Nd6 28.
c4 b6 29. Rdc1 e4 30. Bd1 Nb7 31. Bc2 Nc5 32. Re1 Re8 33. Rad1 Rad8 34. g4 g6
35. Kg2 f5 36. Kg3 Kg7 37. gxf5 gxf5 38. Kf4 Kf6 39. Rg1 Nb7 40. f3 Nd6 41.
fxe4 fxe4 42. Rdf1 Re5 43. Ke3+ Nf5+ 44. Kd2 Rde8 45. Rf4 R8e7 46. Rgg4 h5 47.
Rg1 Rg7 48. Rxg7 Kxg7 49. Bxe4 Nd6 50. Bd3 Rg5 51. Rf3 Rg2+ 52. Kc3 Rh2 53. Kd4
Rb2 54. Rg3+ Kf8 55. Bg6 h4 56. Rf3+ Kg7 57. Bh5 a4 58. bxa4 Rb4 59. Rc3 Rxa4
60. Kd3 Kf6 61. Be2 1/2-1/2

[Event "19. Open de Sants Hostafrancs 2017"]
[Site "Barcelona ESP"]
[Date "2017.08.25"]
[Round "8.20"]
[White "Christiansen, Johan-sebastian"]
[Black "Grafl, Florian"]
[Result "1-0"]
[WhiteElo "2475"]
[BlackElo "2364"]
[PlyCount "103"]
[EventDate "2017.08.18"]
[EventType "swiss"]
[EventRounds "10"]
[EventCountry "ESP"]
[SourceTitle "Ajedrez en Madrid"]
[Source "lmi"]
[SourceDate "2017.08.18"]

1. c4 f5 2. g3 Nf6 3. Bg2 g6 4. Nc3 Bg7 5. d3 O-O 6. e4 fxe4 7. dxe4 d6 8. Nge2
c5 9. O-O Nc6 10. h3 e5 11. Bg5 Be6 12. Nd5 Qd7 13. Kh2 Nd4 14. f4 Bxd5 15.
cxd5 Nxe2 16. Qxe2 exf4 17. gxf4 Rae8 18. Bf3 Qa4 19. b3 Qb4 20. a3 Qxb3 21.
Rab1 Qa4 22. Rbe1 Kh8 23. Qg2 Qd4 24. Kh1 Qc3 25. Re2 Nh5 26. Bxh5 gxh5 27. e5
dxe5 28. d6 Rf7 29. fxe5 Rxf1+ 30. Qxf1 Qd3 31. Bf6 Rg8 32. Rf2 Qxf1+ 33. Rxf1
Bxf6 34. Rxf6 Kg7 35. Kg2 c4 36. Kf2 c3 37. Ke2 Re8 38. Rf5 c2 39. Kd2 Kg6 40.
Rf6+ Kg7 41. Re6 Rc8 42. Kc1 Kf8 43. Rf6+ Kg7 44. Rf2 Rd8 45. Kxc2 Rf8 46. Rxf8
Kxf8 47. e6 b5 48. Kd3 a5 49. Kd4 Ke8 50. Kc5 b4 51. axb4 a4 52. b5 1-0

[Event "19. Open de Sants Hostafrancs 2017"]
[Site "Barcelona ESP"]
[Date "2017.08.25"]
[Round "8.21"]
[White "Kleinman, Michael"]
[Black "Brunner, Nicolas"]
[Result "1-0"]
[WhiteElo "2340"]
[BlackElo "2472"]
[PlyCount "77"]
[EventDate "2017.08.18"]
[EventType "swiss"]
[EventRounds "10"]
[EventCountry "ESP"]
[SourceTitle "Ajedrez en Madrid"]
[Source "lmi"]
[SourceDate "2017.08.18"]

1. e4 c5 2. Nf3 d6 3. Bb5+ Nd7 4. O-O a6 5. Bd3 Ngf6 6. Re1 e6 7. c4 Ne5 8. Bf1
Be7 9. Nc3 O-O 10. d4 Nxf3+ 11. gxf3 cxd4 12. Qxd4 Qa5 13. Bg2 Bd7 14. Bd2 Qc5
15. Qxc5 dxc5 16. Bg5 h6 17. Bxf6 Bxf6 18. e5 Be7 19. Rad1 Rfd8 20. f4 Rab8 21.
Re2 b5 22. Red2 Be8 23. Rxd8 Bxd8 24. Ne4 Be7 25. Nd6 Bxd6 26. exd6 Bd7 27. b4
Rc8 28. Bb7 Rb8 29. Bg2 Rc8 30. Bb7 Rb8 31. Bxa6 bxc4 32. bxc5 c3 33. Rc1 Bc6
34. Bd3 Ra8 35. f3 Bxf3 36. Bb5 Rxa2 37. d7 Rd2 38. Rxc3 Be4 39. Bd3 1-0

[Event "19. Open de Sants Hostafrancs 2017"]
[Site "Barcelona ESP"]
[Date "2017.08.25"]
[Round "8.22"]
[White "Konguvel, Ponnuswamy"]
[Black "Gonzalez Acosta, Bernal"]
[Result "1/2-1/2"]
[WhiteElo "2383"]
[BlackElo "2467"]
[PlyCount "96"]
[EventDate "2017.08.18"]
[EventType "swiss"]
[EventRounds "10"]
[EventCountry "ESP"]
[SourceTitle "Ajedrez en Madrid"]
[Source "lmi"]
[SourceDate "2017.08.18"]

1. e4 c5 2. Nf3 d6 3. d4 cxd4 4. Nxd4 Nf6 5. Nc3 g6 6. Be3 Bg7 7. f3 O-O 8. Qd2
Nc6 9. O-O-O d5 10. Qe1 e5 11. Nxc6 bxc6 12. exd5 Nxd5 13. Bc4 Be6 14. Kb1 Rb8
15. Ne4 f5 16. Bxa7 Qe7 17. Bc5 Qb7 18. Bb3 fxe4 19. Bxf8 Rxf8 20. fxe4 Nf4 21.
Qc3 Bxb3 22. Qxb3+ Qxb3 23. cxb3 Ne6 24. Rhf1 Rc8 25. Rd6 Nc5 26. Rfd1 Nxe4 27.
Rd8+ Rxd8 28. Rxd8+ Bf8 29. Re8 Nc5 30. Rxe5 Bd6 31. Re8+ Kf7 32. Rc8 Ke6 33.
b4 Nd3 34. Rxc6 Nxb4 35. Rc4 Kd5 36. b3 h5 37. g3 Nc6 38. Kb2 g5 39. Kc3 Bc5
40. Kd2 Ne5 41. Rc2 Nf3+ 42. Kc3 g4 43. a4 Bg1 44. a5 Nxh2 45. a6 Nf3 46. Ra2
Bd4+ 47. Kc2 h4 48. gxh4 g3 1/2-1/2

[Event "19. Open de Sants Hostafrancs 2017"]
[Site "Barcelona ESP"]
[Date "2017.08.25"]
[Round "8.23"]
[White "Kramer, Julian"]
[Black "Neef, Maximilian"]
[Result "1/2-1/2"]
[WhiteElo "2333"]
[BlackElo "2451"]
[PlyCount "127"]
[EventDate "2017.08.18"]
[EventType "swiss"]
[EventRounds "10"]
[EventCountry "ESP"]
[SourceTitle "Ajedrez en Madrid"]
[Source "lmi"]
[SourceDate "2017.08.18"]

1. e4 e6 2. d4 d5 3. Bd3 c5 4. exd5 exd5 5. Nf3 c4 6. Be2 Bd6 7. O-O Ne7 8. Re1
O-O 9. b3 cxb3 10. axb3 Nbc6 11. Na3 Bg4 12. c3 Re8 13. Nc2 Rc8 14. Ne3 Bh5 15.
Ba3 Bf4 16. Bd3 Bg6 17. g3 Bb8 18. b4 a6 19. b5 axb5 20. Bxb5 Nf5 21. Nxf5
Rxe1+ 22. Nxe1 Bxf5 23. Bd3 Bg6 24. Bxg6 hxg6 25. Nc2 Na5 26. Ne3 Nc4 27. Nxc4
Rxc4 28. Qb3 b6 29. Re1 Rc6 30. Be7 Qd7 31. Qb5 Bc7 32. Bb4 Rd6 33. Re8+ Kh7
34. Qxd7 Rxd7 35. Kf1 Bd8 36. Ke2 g5 37. g4 Kg6 38. Kd3 b5 39. h3 Kf6 40. Bc5
g6 41. Kc2 Bc7 42. Kb3 Bf4 43. Rc8 Rb7 44. Rc6+ Kg7 45. Kb4 Rb8 46. Be7 f5 47.
Bd6 Rh8 48. Bxf4 gxf4 49. gxf5 gxf5 50. Kc5 Rxh3 51. Kxd5 Rf3 52. Ke5 Rxf2 53.
Kxf5 f3 54. Ke4 Rd2 55. Kxf3 b4 56. Ke4 bxc3 57. Rxc3 Kf6 58. Kd5 Ke7 59. Rc7+
Kd8 60. Rh7 Rg2 61. Kc5 Rg6 62. Rh8+ Kd7 63. Rh7+ Kd8 64. Rh8+ 1/2-1/2

[Event "19. Open de Sants Hostafrancs 2017"]
[Site "Barcelona ESP"]
[Date "2017.08.25"]
[Round "8.24"]
[White "Collins, Sam E"]
[Black "Groetzbach, Julian"]
[Result "1-0"]
[WhiteElo "2443"]
[BlackElo "2251"]
[PlyCount "57"]
[EventDate "2017.08.18"]
[EventType "swiss"]
[EventRounds "10"]
[EventCountry "ESP"]
[SourceTitle "Ajedrez en Madrid"]
[Source "lmi"]
[SourceDate "2017.08.18"]

1. e4 d5 2. exd5 Qxd5 3. Nc3 Qd6 4. d4 Nf6 5. Nf3 c6 6. h3 Bf5 7. Nh4 Bg6 8.
Nxg6 hxg6 9. g3 e6 10. Bg2 Qc7 11. O-O Be7 12. b3 O-O 13. Bb2 Nbd7 14. Qe2 Nb6
15. Rad1 a5 16. a3 Rfe8 17. Rfe1 Bd6 18. Ne4 Nxe4 19. Qxe4 Be7 20. c4 Bf6 21.
Qc2 Rad8 22. b4 axb4 23. axb4 e5 24. dxe5 Rxd1 25. Qxd1 Nxc4 26. exf6 Rxe1+ 27.
Qxe1 Nxb2 28. Qe8+ Kh7 29. Qe7 1-0

[Event "19. Open de Sants Hostafrancs 2017"]
[Site "Barcelona ESP"]
[Date "2017.08.25"]
[Round "8.26"]
[White "Pantzar, Milton"]
[Black "Rizouk, Aimen"]
[Result "1/2-1/2"]
[WhiteElo "2256"]
[BlackElo "2433"]
[PlyCount "46"]
[EventDate "2017.08.18"]
[EventType "swiss"]
[EventRounds "10"]
[EventCountry "ESP"]
[SourceTitle "Ajedrez en Madrid"]
[Source "lmi"]
[SourceDate "2017.08.18"]

1. d4 Nf6 2. c4 e6 3. Nc3 Bb4 4. e3 O-O 5. Bd3 d5 6. Nf3 c5 7. O-O Nc6 8. a3
Bxc3 9. bxc3 dxc4 10. Bxc4 Qc7 11. Bb2 e5 12. h3 Bf5 13. Qe2 Rad8 14. Bb5 e4
15. Nd2 a6 16. Bxc6 Qxc6 17. a4 Nd5 18. Rfc1 Rfe8 19. Ba3 cxd4 20. cxd4 Qe6 21.
Rab1 Qg6 22. Kh2 Bd7 23. Nc4 Bc8 1/2-1/2

[Event "19. Open de Sants Hostafrancs 2017"]
[Site "Barcelona ESP"]
[Date "2017.08.25"]
[Round "8.27"]
[White "Saber, Yasser"]
[Black "Cruz, Jonathan"]
[Result "0-1"]
[WhiteElo "2173"]
[BlackElo "2424"]
[PlyCount "48"]
[EventDate "2017.08.18"]
[EventType "swiss"]
[EventRounds "10"]
[EventCountry "ESP"]
[SourceTitle "Ajedrez en Madrid"]
[Source "lmi"]
[SourceDate "2017.08.18"]

1. d3 g6 2. g3 Bg7 3. Bg2 e5 4. Nf3 Nc6 5. e4 Nge7 6. O-O O-O 7. c3 d5 8. b4 a6
9. Bb2 Bg4 10. Nbd2 Qd7 11. Qc2 Rad8 12. Rfe1 f5 13. exd5 Nxd5 14. a3 Nb6 15.
Ng5 Qxd3 16. Qb3+ Kh8 17. Bc1 e4 18. Ra2 Ne5 19. Ne6 Qd7 20. Nxf8 Rxf8 21. c4
Nd3 22. Rf1 Be2 23. c5 Bxf1 24. Bxf1 Nxc1 0-1

[Event "19. Open de Sants Hostafrancs 2017"]
[Site "Barcelona ESP"]
[Date "2017.08.25"]
[Round "8.28"]
[White "Vergara Jofre, Felipe"]
[Black "Ortiz Suarez, Isan Reynaldo"]
[Result "0-1"]
[WhiteElo "2119"]
[BlackElo "2556"]
[PlyCount "54"]
[EventDate "2017.08.18"]
[EventType "swiss"]
[EventRounds "10"]
[EventCountry "ESP"]
[SourceTitle "Ajedrez en Madrid"]
[Source "lmi"]
[SourceDate "2017.08.18"]

1. e4 c5 2. Nf3 d6 3. d4 cxd4 4. Nxd4 Nf6 5. Nc3 a6 6. Be3 e5 7. Nb3 Be6 8. f3
Be7 9. Qd2 O-O 10. O-O-O Nbd7 11. g4 b5 12. g5 Nh5 13. Rg1 Rc8 14. Kb1 g6 15.
h4 Nb6 16. Na5 Qc7 17. a3 d5 18. exd5 Nxd5 19. Nxd5 Bxd5 20. Qf2 Be6 21. Bb6
Qb8 22. Bd3 Nf4 23. Be4 Nh3 24. Qe3 Nxg1 25. Qxg1 Bd8 26. Rxd8 Rfxd8 27. Nc6
Qxb6 0-1

[Event "19. Open de Sants Hostafrancs 2017"]
[Site "Barcelona ESP"]
[Date "2017.08.25"]
[Round "8.29"]
[White "Aakanksha, Hagawane"]
[Black "Gascon Del Nogal, Jose Rafael"]
[Result "1-0"]
[WhiteElo "2328"]
[BlackElo "2498"]
[PlyCount "103"]
[EventDate "2017.08.18"]
[EventType "swiss"]
[EventRounds "10"]
[EventCountry "ESP"]
[SourceTitle "Ajedrez en Madrid"]
[Source "lmi"]
[SourceDate "2017.08.18"]

1. e4 e5 2. Nf3 Nc6 3. Bb5 a6 4. Ba4 Nf6 5. O-O Be7 6. Re1 b5 7. Bb3 O-O 8. d3
d6 9. c3 Na5 10. Bc2 c5 11. Nbd2 Nc6 12. Nf1 d5 13. exd5 Nxd5 14. Nxe5 Nxe5 15.
Rxe5 Bf6 16. Re1 b4 17. cxb4 Nxb4 18. a3 Bg4 19. Qd2 Nc6 20. Rb1 Nd4 21. b3 Rb8
22. Bb2 Bg5 23. Ne3 Be6 24. b4 c4 25. Rbd1 Bg4 26. dxc4 Bxd1 27. Rxd1 Bxe3 28.
Bxh7+ Kxh7 29. Qxe3 Re8 30. Qd3+ Kg8 31. Bxd4 Qh4 32. g3 Qg4 33. f3 Qh3 34. Bf2
Re6 35. Qf1 Qh5 36. g4 Qg5 37. Rd5 Qf6 38. Qd3 Rbe8 39. Rh5 Qa1+ 40. Kg2 g6 41.
Rd5 Re2 42. Rd8 Qe5 43. Rxe8+ Qxe8 44. c5 Ra2 45. Qxa6 Qe3 46. Qf1 Qxa3 47. Qe1
Rb2 48. Qe8+ Kg7 49. Qe5+ Kf8 50. c6 Rc2 51. c7 Qc1 52. Qc5+ 1-0

[Event "19. Open de Sants Hostafrancs 2017"]
[Site "Barcelona ESP"]
[Date "2017.08.25"]
[Round "8.30"]
[White "Vaishali, R."]
[Black "Rios, Cristhian Camilo"]
[Result "1/2-1/2"]
[WhiteElo "2327"]
[BlackElo "2475"]
[PlyCount "99"]
[EventDate "2017.08.18"]
[EventType "swiss"]
[EventRounds "10"]
[EventCountry "ESP"]
[SourceTitle "Ajedrez en Madrid"]
[Source "lmi"]
[SourceDate "2017.08.18"]

1. e4 c5 2. Nf3 e6 3. d4 cxd4 4. Nxd4 a6 5. Be2 b5 6. a4 b4 7. O-O Bb7 8. Nd2
Qc7 9. Re1 d6 10. Bc4 Nf6 11. c3 bxc3 12. bxc3 Nbd7 13. Ba3 Nc5 14. Rb1 Be7 15.
Bxc5 dxc5 16. N4f3 O-O 17. e5 Nd5 18. Qc2 Bc6 19. Bd3 h6 20. Nc4 Rfb8 21. Bh7+
Kh8 22. Be4 Rxb1 23. Rxb1 Rb8 24. Re1 Nf4 25. Nfd2 Qd7 26. Bxc6 Qxc6 27. Re4
Nd5 28. h4 Nb6 29. Nxb6 Qxb6 30. g3 Kg8 31. Kg2 Rd8 32. Re2 Qb7+ 33. Kh2 Qd5
34. Qe4 Qa2 35. Qc4 Qa1 36. Kg2 Qc1 37. Nf3 Rd5 38. Re3 a5 39. Re1 Qc2 40. Re2
Qc1 41. Re3 Qb2 42. Re2 Qc1 43. h5 Rd1 44. Re4 Qb1 45. Re3 Bg5 46. Re2 Rh1 47.
Re4 Rc1 48. Re2 Rh1 49. Re4 Rc1 50. Re2 1/2-1/2

[Event "19. Open de Sants Hostafrancs 2017"]
[Site "Barcelona ESP"]
[Date "2017.08.25"]
[Round "8.31"]
[White "Bergez, Luc"]
[Black "Sturt, Raven M"]
[Result "1-0"]
[WhiteElo "2316"]
[BlackElo "2444"]
[PlyCount "63"]
[EventDate "2017.08.18"]
[EventType "swiss"]
[EventRounds "10"]
[EventCountry "ESP"]
[SourceTitle "Ajedrez en Madrid"]
[Source "lmi"]
[SourceDate "2017.08.18"]

1. d4 Nf6 2. c4 c5 3. Nf3 cxd4 4. Nxd4 b6 5. Nc3 Bb7 6. Bg5 e6 7. e3 Be7 8.
Ndb5 d6 9. Bxf6 gxf6 10. Qh5 a6 11. Nd4 Qd7 12. Be2 Nc6 13. Rd1 Rc8 14. O-O Ne5
15. b3 f5 16. f4 Rg8 17. g3 Ng4 18. Bxg4 Rxg4 19. e4 Rc5 20. exf5 exf5 21. Na4
Ra5 22. Rfe1 Kf8 23. c5 Rg6 24. Qxf5 Qe8 25. Nxb6 Rxa2 26. Nd7+ Kg7 27. c6 Bc8
28. Qe4 Bxd7 29. Qxe7 Qxe7 30. Rxe7 Bh3 31. f5 Rg4 32. c7 1-0

[Event "19. Open de Sants Hostafrancs 2017"]
[Site "Barcelona ESP"]
[Date "2017.08.25"]
[Round "8.32"]
[White "Petrosyan, Tigran S"]
[Black "Rabineau, Clement"]
[Result "1-0"]
[WhiteElo "2430"]
[BlackElo "2297"]
[PlyCount "107"]
[EventDate "2017.08.18"]
[EventType "swiss"]
[EventRounds "10"]
[EventCountry "ESP"]
[SourceTitle "Ajedrez en Madrid"]
[Source "lmi"]
[SourceDate "2017.08.18"]

1. Nf3 g6 2. c4 Bg7 3. d4 d6 4. g3 c5 5. Bg2 Nf6 6. O-O O-O 7. Nc3 Nc6 8. d5
Na5 9. Nd2 a6 10. Qc2 Rb8 11. Rb1 Bf5 12. e4 Bd7 13. b3 b5 14. Bb2 Qc7 15. h3
bxc4 16. bxc4 Rb4 17. a3 Rb7 18. Ne2 Rfb8 19. Bc3 Ne8 20. Bxg7 Nxg7 21. f4 Rxb1
22. Rxb1 Rxb1+ 23. Qxb1 f5 24. Kh2 fxe4 25. Bxe4 Nf5 26. Qd3 Qb6 27. Bxf5 Bxf5
28. Qc3 h5 29. Ng1 Nb7 30. Ngf3 Nd8 31. Nh4 Bb1 32. g4 hxg4 33. hxg4 Nf7 34.
Nhf3 a5 35. Kg3 a4 36. Qc1 Bd3 37. Kf2 g5 38. f5 Nh6 39. Ke3 Bxf5 40. gxf5
Nxf5+ 41. Kd3 g4 42. Qg1 g3 43. Qe1 Kf8 44. Qe6 Ng7 45. Qc8+ Ne8 46. Kc2 g2 47.
Qg4 Nf6 48. Qxg2 Ke8 49. Ng5 Qb7 50. Ne6 Kd7 51. Qh3 Qa7 52. Nd4+ Ke8 53. Qh8+
Kd7 54. Nc6 1-0

[Event "19. Open de Sants Hostafrancs 2017"]
[Site "Barcelona ESP"]
[Date "2017.08.25"]
[Round "8.33"]
[White "Domingo Nunez, Alejandro"]
[Black "Sundararajan, Kidambi"]
[Result "1/2-1/2"]
[WhiteElo "2287"]
[BlackElo "2422"]
[PlyCount "78"]
[EventDate "2017.08.18"]
[EventType "swiss"]
[EventRounds "10"]
[EventCountry "ESP"]
[SourceTitle "Ajedrez en Madrid"]
[Source "lmi"]
[SourceDate "2017.08.18"]

1. e4 e5 2. Nf3 Nc6 3. Bc4 Bc5 4. c3 Nf6 5. d3 O-O 6. O-O d6 7. a4 a6 8. Nbd2
Ba7 9. b4 Ne7 10. Re1 Ng6 11. Nf1 c6 12. Ng3 d5 13. Bb3 dxe4 14. dxe4 Qxd1 15.
Rxd1 Bg4 16. Bg5 Nf4 17. Bxf6 gxf6 18. Rd6 Rad8 19. Rad1 Bb6 20. Rxf6 Rxd1+ 21.
Bxd1 Rd8 22. Bb3 Be6 23. Nxe5 Bxb3 24. Rxf4 Rd1+ 25. Nf1 Bc7 26. Rg4+ Kf8 27.
Nf3 Bxa4 28. e5 Rc1 29. c4 Rb1 30. h4 Bd1 31. Re4 Rxb4 32. Ng5 h6 33. Nh7+ Ke7
34. Ne3 Rb1 35. Kh2 Bb6 36. Nf5+ Kd8 37. Rf4 Bc2 38. Nd6 Bxh7 39. Rxf7 Bg6
1/2-1/2

[Event "19. Open de Sants Hostafrancs 2017"]
[Site "Barcelona ESP"]
[Date "2017.08.25"]
[Round "8.34"]
[White "Minko, Vladimir"]
[Black "Arias Boo, Guillermo"]
[Result "1-0"]
[WhiteElo "2411"]
[BlackElo "2283"]
[PlyCount "83"]
[EventDate "2017.08.18"]
[EventType "swiss"]
[EventRounds "10"]
[EventCountry "ESP"]
[SourceTitle "Ajedrez en Madrid"]
[Source "lmi"]
[SourceDate "2017.08.18"]

1. d4 Nf6 2. c4 g6 3. g3 Bg7 4. Bg2 O-O 5. Nf3 d6 6. Nc3 Nc6 7. O-O a6 8. b3
Rb8 9. Bb2 b5 10. cxb5 axb5 11. Qc2 b4 12. Nd1 Na7 13. e4 Nb5 14. Ne3 Bb7 15.
d5 Nc3 16. Bxc3 bxc3 17. Rab1 c6 18. dxc6 Bxc6 19. e5 Ne8 20. Qxc3 Rc8 21. Qb4
Rb8 22. Qd2 Bxf3 23. Bxf3 Bxe5 24. Nc4 Bf6 25. Rfe1 Qc7 26. Rbc1 Rb5 27. Ne5
Qd8 28. Nc6 Qd7 29. Nxe7+ Bxe7 30. Bc6 Bg5 31. Bxd7 Bxd2 32. Bxb5 Nc7 33. Bc6
Ne6 34. Red1 Bxc1 35. Rxc1 Rc8 36. Rc4 Rc7 37. Bd5 Ra7 38. Bxe6 fxe6 39. Ra4
Rc7 40. Ra6 Rd7 41. b4 Kf7 42. b5 1-0